<?xml version="1.0" encoding="UTF-8"?>
<record
    xmlns:xsi="http://www.w3.org/2001/XMLSchema-instance"
    xsi:schemaLocation="http://www.loc.gov/MARC21/slim http://www.loc.gov/standards/marcxml/schema/MARC21slim.xsd"
    xmlns="http://www.loc.gov/MARC21/slim">

  <leader>01051nam a2200229 a 4500</leader>
  <controlfield tag="001">49436</controlfield>
  <controlfield tag="003">BD-RjUL</controlfield>
  <controlfield tag="005">20211209054659.0</controlfield>
  <controlfield tag="008">160820s2009    bg ||||| |||| 00| 0 ben d</controlfield>
  <datafield tag="020" ind1=" " ind2=" ">
    <subfield code="c">: Tk. 50.00</subfield>
  </datafield>
  <datafield tag="035" ind1=" " ind2=" ">
    <subfield code="a">(BD-RjUL)49555</subfield>
  </datafield>
  <datafield tag="040" ind1=" " ind2=" ">
    <subfield code="a">BD-RjUL</subfield>
    <subfield code="b">ben</subfield>
    <subfield code="c">BD-RjUL</subfield>
  </datafield>
  <datafield tag="041" ind1=" " ind2=" ">
    <subfield code="a">ben</subfield>
  </datafield>
  <datafield tag="082" ind1=" " ind2=" ">
    <subfield code="2">23</subfield>
    <subfield code="a">323.1</subfield>
    <subfield code="b">MRI 2009</subfield>
  </datafield>
  <datafield tag="245" ind1="0" ind2="0">
    <subfield code="a">&#x9AE;&#x9C3;&#x9A4;&#x9CD;&#x9AF;&#x9C1;&#x9B9;&#x9C0;&#x9A8; :</subfield>
    <subfield code="b">&#x9B8;&#x9CD;&#x9AE;&#x9BE;&#x9B0;&#x995;&#x9AA;&#x9A4;&#x9CD;&#x9B0; &#x99C;&#x9BE;&#x9A4;&#x9C0;&#x9AF;&#x9BC; &#x9B6;&#x9CB;&#x995; &#x9A6;&#x9BF;&#x9AC;&#x9B8; &#x9E8;&#x9E6;&#x9E6;&#x9EF; /</subfield>
    <subfield code="c">&#x9B8;&#x9AE;&#x9CD;&#x9AA;&#x9BE;&#x9A6;&#x9A8;&#x9BE; &#x98F;&#x9B8;. &#x98F;. &#x9B9;&#x9BE;&#x9AF;&#x9BC;&#x9A6;&#x9BE;&#x9B0; ...[&#x98F;&#x9AC;&#x982; &#x985;&#x9A8;&#x9C7;&#x995;&#x9C7;]</subfield>
  </datafield>
  <datafield tag="260" ind1=" " ind2=" ">
    <subfield code="a">&#x9B0;&#x9BE;&#x99C;&#x9B6;&#x9BE;&#x9B9;&#x9C0; &#x9AC;&#x9BF;&#x9B6;&#x9CD;&#x9AC;&#x9AC;&#x9BF;&#x9A6;&#x9CD;&#x9AF;&#x9BE;&#x9B2;&#x9AF;&#x9BC; :</subfield>
    <subfield code="b">&#x9AC;&#x999;&#x9CD;&#x997;&#x9AC;&#x9A8;&#x9CD;&#x9A7;&#x9C1; &#x9B6;&#x9C7;&#x996; &#x9AE;&#x9C1;&#x99C;&#x9BF;&#x9AC;&#x9C1;&#x9B0; &#x9B0;&#x9B9;&#x9AE;&#x9BE;&#x9A8; &#x9B9;&#x9B2;,</subfield>
    <subfield code="c">&#x9E8;&#x9E6;&#x9E6;&#x9EF;</subfield>
  </datafield>
  <datafield tag="300" ind1=" " ind2=" ">
    <subfield code="a">[&#x9E7;&#x9E8;], &#x9EF;&#x9EE; &#x9AA;&#x9C3;. ;</subfield>
    <subfield code="c">&#x9E7;&#x9EE; &#x9B8;&#x9C7;&#x9AE;&#x9BF;.</subfield>
  </datafield>
  <datafield tag="650" ind1=" " ind2=" ">
    <subfield code="a">&#x986;&#x9A4;&#x9CD;&#x9AE;&#x9A8;&#x9BF;&#x9AF;&#x9BC;&#x9A8;&#x9CD;&#x9A4;&#x9CD;&#x9B0;&#x9A3; , &#x99C;&#x9BE;&#x9A4;&#x9C0;&#x9AF;&#x9BC;</subfield>
    <subfield code="9">148392</subfield>
  </datafield>
  <datafield tag="650" ind1=" " ind2=" ">
    <subfield code="a">Self-determination, National</subfield>
    <subfield code="9">147407</subfield>
  </datafield>
  <datafield tag="700" ind1=" " ind2=" ">
    <subfield code="a">&#x9B9;&#x9BE;&#x9AF;&#x9BC;&#x9A6;&#x9BE;&#x9B0;, &#x98F;&#x9B8;. &#x98F;., &#x9B8;&#x9AE;&#x9CD;&#x9AA;&#x9BE;&#x9A6;&#x995; </subfield>
    <subfield code="9">148393</subfield>
  </datafield>
  <datafield tag="942" ind1=" " ind2=" ">
    <subfield code="2">ddc</subfield>
    <subfield code="c">BK</subfield>
  </datafield>
  <datafield tag="999" ind1=" " ind2=" ">
    <subfield code="c">49436</subfield>
    <subfield code="d">49436</subfield>
  </datafield>
  <datafield tag="952" ind1=" " ind2=" ">
    <subfield code="0">0</subfield>
    <subfield code="1">0</subfield>
    <subfield code="2">ddc</subfield>
    <subfield code="4">0</subfield>
    <subfield code="7">0</subfield>
    <subfield code="8">NFIC</subfield>
    <subfield code="a">RUCL</subfield>
    <subfield code="b">RUCL</subfield>
    <subfield code="c">Stack</subfield>
    <subfield code="d">2009-11-04</subfield>
    <subfield code="e">Bangabandhu Shekh Mujibur Rahman Hall, RU</subfield>
    <subfield code="g">50.00</subfield>
    <subfield code="l">0</subfield>
    <subfield code="o">B 323.1 MRI 2009</subfield>
    <subfield code="r">2016-08-20 00:00:00</subfield>
    <subfield code="t">C-2</subfield>
    <subfield code="w">2016-08-20</subfield>
    <subfield code="y">BK</subfield>
  </datafield>
  <datafield tag="952" ind1=" " ind2=" ">
    <subfield code="0">0</subfield>
    <subfield code="1">0</subfield>
    <subfield code="2">ddc</subfield>
    <subfield code="4">0</subfield>
    <subfield code="7">0</subfield>
    <subfield code="8">NFIC</subfield>
    <subfield code="a">RUCL</subfield>
    <subfield code="b">RUCL</subfield>
    <subfield code="c">Stack</subfield>
    <subfield code="d">2009-11-04</subfield>
    <subfield code="e">Bangabandhu Shekh Mujibur Rahman Hall, RU</subfield>
    <subfield code="g">50.00</subfield>
    <subfield code="l">0</subfield>
    <subfield code="o">B 323.1 MRI 2009</subfield>
    <subfield code="r">2016-08-20 00:00:00</subfield>
    <subfield code="t">C-3</subfield>
    <subfield code="w">2016-08-20</subfield>
    <subfield code="y">BK</subfield>
  </datafield>
  <datafield tag="952" ind1=" " ind2=" ">
    <subfield code="0">0</subfield>
    <subfield code="1">0</subfield>
    <subfield code="2">ddc</subfield>
    <subfield code="4">0</subfield>
    <subfield code="7">0</subfield>
    <subfield code="8">NFIC</subfield>
    <subfield code="a">RUCL</subfield>
    <subfield code="b">RUCL</subfield>
    <subfield code="c">Stack</subfield>
    <subfield code="d">2009-11-04</subfield>
    <subfield code="e">Bangabandhu Shekh Mujibur Rahman Hall, RU</subfield>
    <subfield code="g">50.00</subfield>
    <subfield code="l">0</subfield>
    <subfield code="o">B 323.1 MRI 2009</subfield>
    <subfield code="r">2016-08-20 00:00:00</subfield>
    <subfield code="t">C-4</subfield>
    <subfield code="w">2016-08-20</subfield>
    <subfield code="y">BK</subfield>
  </datafield>
</record>
